[Event "SK Lehrte-Greifswalder SV"]
[Site "Greifswald"]
[Date "2013.09.15"]
[Round "7.1"]
[White "Altenstein, Benjamin"]
[Black "Thieu, Ngyuen Gia Luat"]
[Result "0-1"]
[WhiteElo "1345"]
[BlackElo "1692"]
[PlyCount "70"]
[EventDate "2013.??.??"]
[WhiteTeam "Greifswalder SV"]
[BlackTeam "SK Lehrte"]

1. d4 Nf6 2. c4 e6 3. Nc3 Bb4 4. Bd2 b6 5. e3 Bb7 6. Nf3 Bxc3 7. bxc3 d6 8. Be2
Nbd7 9. Qc2 Ne4 10. Bd3 f5 11. O-O O-O 12. Bc1 Qe7 13. Nd2 Qh4 14. f3 Ng5 15.
Ba3 Rf6 16. Rf2 Rh6 17. g3 Qh5 18. Raf1 Nh3+ 19. Kh1 Nxf2+ 20. Rxf2 Nf6 21. Kg1
Qg5 22. e4 f4 23. g4 Nd7 24. Qa4 Qe7 25. e5 c5 26. exd6 Qxd6 27. Re2 Bc6 28.
Qb3 Kh8 29. Ne4 Bxe4 30. Bxe4 Rd8 31. Rd2 Nf6 32. Bc2 Ne8 33. Rd1 Qc7 34. Qa4
Nd6 35. Kg2 Rf6 0-1

[Event "SK Lehrte-Greifswalder SV"]
[Site "Greifswald"]
[Date "2013.09.15"]
[Round "7.2"]
[White "Klein, Florian"]
[Black "Altenstein, Jonas"]
[Result "1/2-1/2"]
[WhiteElo "1634"]
[BlackElo "1221"]
[PlyCount "89"]
[EventDate "2013.??.??"]
[WhiteTeam "SK Lehrte"]
[BlackTeam "Greifswalder SV"]

1. d4 d5 2. Nf3 Bg4 3. e3 Nf6 4. Bd3 Nc6 5. b3 e5 6. Be2 Bxf3 7. Bxf3 e4 8. Be2
Qd7 9. Bb2 Bd6 10. c4 O-O-O 11. Nc3 Bb4 12. O-O h5 13. cxd5 Bxc3 14. dxc6 Qxc6
15. Rc1 Nd5 16. Bxc3 Nxc3 17. Qc2 Nxe2+ 18. Qxe2 Qd6 19. Qc4 Rdf8 20. Rc2 Kb8
21. Rfc1 c6 22. b4 Qd5 23. Kf1 Qxc4+ 24. Rxc4 Rh6 25. Rc5 f5 26. b5 cxb5 27.
Rxb5 g5 28. Rcb1 b6 29. a4 Kb7 30. a5 Rff6 31. Re5 Rh7 32. Reb5 Rc7 33. axb6
axb6 34. Rc5 Rxc5 35. dxc5 Rc6 36. cxb6 Rxb6 37. Rd1 Kc6 38. Rc1+ Kd6 39. g3
Rb8 40. Rd1+ Ke6 41. Ra1 Rb6 42. Ra8 Rb1+ 43. Kg2 Kf6 44. Ra6+ Kg7 45. Ra7+
1/2-1/2

[Event "SK Lehrte-Greifswalder SV"]
[Site "Greifswald"]
[Date "2013.09.15"]
[Round "7.3"]
[White "Rosenstock, Ruben"]
[Black "Baghdasaryan, Ani"]
[Result "0-1"]
[WhiteElo "928"]
[BlackElo "1429"]
[PlyCount "96"]
[EventDate "2013.??.??"]
[WhiteTeam "Greifswalder SV"]
[BlackTeam "SK Lehrte"]

1. e4 c5 2. Nf3 d6 3. Bc4 Nf6 4. d3 g6 5. Be3 Bg7 6. Nc3 O-O 7. Qd2 Nc6 8. O-O
Bg4 9. Kh1 Qd7 10. Bh6 Bxf3 11. gxf3 Qh3 12. Bxg7 Qxf3+ 13. Kg1 Kxg7 14. Bd5
Nd4 15. Bxb7 Qh3 16. e5 Ng4 17. Qf4 dxe5 18. Bg2 Nf3+ 19. Kh1 Qxg2+ 20. Kxg2
exf4 21. Kxf3 Nxh2+ 22. Kxf4 Nxf1 23. Rxf1 Rab8 24. b3 h5 25. Ne4 Rfc8 26. Rg1
f6 27. Ng3 g5+ 28. Kf5 h4 29. Ne2 e6+ 30. Ke4 Rb6 31. f4 f5+ 32. Kf3 g4+ 33.
Kf2 Kf6 34. Rh1 h3 35. Ng3 Rb4 36. Ke3 Re8 37. c4 Rb6 38. Kd2 e5 39. Ne2 Rd6
40. Nc3 exf4 41. Nd5+ Kg5 42. Re1 Rxe1 43. Kxe1 Re6+ 44. Kf2 h2 45. Kg2 Re2+
46. Kh1 g3 47. Nc3 Re1+ 48. Kg2 h1=Q# 0-1